Ils sont partis jouer en Chine - Statistiques

Statistiques générales
  • Ce quiz a été pris 23 fois
  • Le résultat moyen est 5 sur 15
Statistiques - réponses
Clubs Réponse % Correct
Zenith St Petersbourg - Shanghai SIPG Hulk
87%
Chelsea - Shanghai SIPG Oscar
78%
Atletico Madrid - Dalian Pro Yannick Ferreira Carrasco
74%
Paris St Germain - Hebei China Fortune Ezequiel Lavezzi
70%
Tottenham - Guangzhou Evergrande Paulinho
52%
Zenith St Petersbourg - Tianjin Quanjian Axel Witsel
35%
Beşiktaş JK - Shanghai Shenhua Demba Ba
30%
Villareal - Tianjin Quanjian Alexandre Pato
22%
Southampton - Shandong Luneng Graziano Pellè
17%
Atletico Madrid - Guangzhou Evergrande Jackson Martinez
17%
Chelsea - Jiangsu Suning Ramires
17%
Chelsea - Tianjin TEDA John Obi Mikel
9%
AS Roma - Hebei China Fortune Gervinho
4%
Fc Barcelona - Hebei China Fortune Javier Mascherano
4%
Chakhtar Donetsk - Jiangsu Suning Alex Teixeira
0%
Aucun quiz correspondant
Distribution des résultats
% des personnes avec chaque résultat
Percentile par nombre de réponses
Votre historique - résultats
Vous n’avez pas pris ce quiz